|
|
|
|
| LEADER |
00000naa a2200000uu 4500 |
| 001 |
vtls011078413 |
| 003 |
SK-MaSNL |
| 005 |
20260302141016.0 |
| 008 |
210910|2002 xo |||||||||||||||||slo| |
| 015 |
|
|
|a SNBRA
|
| 035 |
|
|
|a (urnnbn)urn:nbn:sk:snk:ar-a0cgfc
|
| 035 |
|
|
|a (uuid)9205febf-f257-4ec2-a737-8260e7e63b71
|
| 035 |
|
|
|a urn:nbn:sk:snk-aavmi5
|
| 040 |
|
|
|a SNKBUCL
|b slo
|c SNKBUCL
|e AACR2
|
| 041 |
0 |
|
|a slo
|
| 044 |
|
|
|a xo
|c SK
|
| 100 |
1 |
|
|a Klapáčová, Katarína
|4 aut
|9 26840
|
| 245 |
1 |
0 |
|a DYNAMIKA PROTOZOÍ V BACHORE TELIAT V OBDOBÍ MLIEČNEJ VÝŽIVY V OKRESE KOŠICE - OKOLIE
|c Katarína Klapáčová, Jozef Várady, Zita Faixová, Zuzana Maková
|
| 246 |
3 |
|
|a PROTOZOAN NUMBERS IN THE RUMEN OF CALVES IN THE PERIOD OF MILK DIET IN THE COUNTY OF KOŠICE-ENVIRONS
|
| 700 |
1 |
|
|a Várady, Jozef
|4 aut
|9 778012
|
| 700 |
1 |
|
|a Faixová, Zita,
|d 1962-
|4 aut
|9 22971
|
| 700 |
1 |
|
|a Maková, Zuzana,
|d 1970-
|4 aut
|9 198390
|
| 773 |
0 |
|
|t XI. medzinárodné sympózium s medzinárodnou účasťou O ekológii vo vybraných aglomeráciách Jelšavy-Lubeníka a Stredného Spiša
|d Košice : [Univerzita veterninárskeho lekárstva, 2002, 2002
|g S. 115-117
|z 8088985811
|
| 958 |
|
|
|a OND
|
| 958 |
|
|
|a article12
|
| 958 |
|
|
|a chapter
|
| 999 |
|
|
|c 1333763
|d 1335693
|